000 00444nam a2200181 a 4500
001 599
003 CO-ViMGA
008 141112s2004 ck r 000 u spa d
040 _aCO-ViMGA
_bspa
_cCO-ViMGA
082 0 4 _aBOJso
100 1 _aBojunga, Lygia
_910301
245 1 0 _aEl sofá estampado
260 _aBogotá :
_bNorma,
_c1996
300 _a193 p : il
490 _aTorre de papel
650 1 4 _aCUENTOS INFANTILES
_9487
942 _2ddc
_cBK
999 _c12839
_d12839